Loading...
| Science - Other Science | 3 | 2 | 1 | 1 | 60 | 64 | 81.20 | 2 | 5 |
| Fine Arts - Visual Fine Arts | 0 | 3 | 0 | 1 | 30 | 114 | 125.33 | 0 | 2 |
| History - European History | 0 | 3 | 0 | 0 | 30 | 83 | 89.00 | 0 | 2 |
| Literature - British Literature | 1 | 1 | 0 | 0 | 25 | 88 | 98.00 | 1 | 2 |
| History - World History | 1 | 1 | 0 | 0 | 25 | 54 | 96.00 | 1 | 1 |
| Social Science | 0 | 2 | 0 | 1 | 20 | 96 | 114.00 | 1 | 1 |
| History - Ancient History | 0 | 2 | 0 | 0 | 20 | 135 | 135.50 | 0 | 1 |
| Current Events | 0 | 2 | 0 | 0 | 20 | 97 | 111.50 | 0 | 0 |
| Literature - European Literature | 0 | 2 | 1 | 0 | 15 | 77 | 96.00 | 0 | 2 |
| Literature - World Literature | 0 | 1 | 0 | 0 | 10 | 158 | 158.00 | 0 | 0 |
| Religion | 0 | 1 | 0 | 0 | 10 | 85 | 85.00 | 0 | 1 |
| Literature - American Literature | 0 | 1 | 1 | 0 | 5 | 96 | 96.00 | 1 | 1 |